| 000 | 005250000a22001810004500 | ||
|---|---|---|---|
| 003 | MACL | ||
| 005 | 20160310151157.0 | ||
| 008 | 160310b xxu||||| |||| 00| 0 eng d | ||
| 040 |
_aMACL _cMACL |
||
| 041 | _aHindi | ||
| 082 | _a891.433 | ||
| 100 |
_aवर्मा भगवतीचरण _944560 |
||
| 245 | _aसवराज चूण्डा | ||
| 260 |
_bराजकमल प्रकाशन _c1987 _aनई दिल्ली |
||
| 350 | _a15 | ||
| 650 |
_aNovel _944561 |
||
| 942 |
_cHIN _k891.433 _2ddc |
||
| 999 |
_c27339 _d27339 |
||